| 000 | 01537nam a2200373 i 4500 | ||
|---|---|---|---|
| 005 | 20161128092210.0 | ||
| 008 | 160105s2007 ck ab |r|||| 00| 0 spa d | ||
| 020 | _a978193451105 | ||
| 040 |
_aCO-BoIAVH _cCO-BoIAVH |
||
| 041 | 0 | _aspa | |
| 044 | _ack | ||
| 082 | 0 | 4 |
_a597.98 _bR91t |
| 100 | 1 | _aRueda Almonacid, José Vicente | |
| 245 | 1 | 4 |
_aLas tortugas y los cocodrilianos de los paises andinos del trópico / _cJosé Vicente Rueda-Almonacid y (otros 9 autores) ; ilustraciones: Stephen Nash, César Landazábal Mendoza y Marco Antonio Rada. |
| 260 |
_aBogotá : _bConservación Internacional, _cc2007. |
||
| 300 |
_a537 páginas : _bilustraciones y mapas a color ; _c19 x 13 cm. |
||
| 490 | 0 | 0 |
_aSerie guías tropicales de campo _v6 |
| 504 | _aIncluye referencias bibliográficas. | ||
| 650 | 1 | 4 |
_aTortugas _zSur América |
| 650 | 2 | 4 |
_aCocodrilos _zSur América |
| 651 | 2 | 6 |
_aReptiles _xZoología |
| 651 | 2 | 4 |
_aZoología _xConservación de especies |
| 700 | 1 |
_aCarr, John L. _eautor |
|
| 700 | 1 |
_aMittermeier, Russell A. _eautor |
|
| 700 | 1 |
_aRodríguez Mahecha, José Vicente _eautor |
|
| 700 | 1 |
_aMast, Roderic B. _eautor |
|
| 700 | 1 |
_aVogt, Richard C. _eautor |
|
| 700 | 1 |
_aRhodin, Anders G. J. _eautor |
|
| 700 | 1 |
_aOssa Velásquez, Jaime de la _eautor |
|
| 700 | 1 |
_aGoettsch Mittermeier, Cristina _eautor |
|
| 700 | 1 |
_aNash, Stephen _eilustrador |
|
| 700 | 1 |
_aRueda, José Nicolás _eautor |
|
| 942 |
_cLIBRO _2ddc |
||
| 999 |
_c6106 _d6106 |
||